[Event "Bayern-ch Seniors 18th"]
[Site "Schloss Schney"]
[Date "2006.07.01"]
[Round "7"]
[White "Porkristl, Werner"]
[Black "Geisensetter, Kurt"]
[Result "1-0"]
[WhiteElo "1635"]
[BlackElo "1644"]
[PlyCount "148"]
[EventDate "2006.06.25"]
[EventType "swiss"]
[EventRounds "9"]
[EventCountry "GER"]
[SourceTitle "EXT 2007"]
[Source "ChessBase"]
[SourceDate "2006.11.23"]
[SourceVersion "1"]
[SourceVersionDate "2006.11.23"]
[SourceQuality "1"]

1. Nc3 d5 2. e3 Nf6 3. Nce2 e5 4. Ng3 Bd6 5. b3 Qe7 6. Bb5+ c6 7. Be2 0-0 8. Nf3 e4 9. Nd4 Be5 10. Bb2 Qc7 11. c3 a6 12. Nc2 Re8 13. d4 Be6 14. Ba3 Bd6 15. Bxd6 Qxd6 16. h3 Nbd7 17. b4 b5 18. a4 Nb6 19. a5 Nc8 20. Kd2 Qd7 21. Qg1 Nd6 22. Qh2 Nc4+ 23. Bxc4 bxc4 24. Ne2 Kf8 25. g4 Ke7 26. Qe5 Qd6 27. Qg5 Kf8 28. Qh4 Qe7 29. Rag1 g6 30. Qh6+ Kg8 31. Qf4 Kh8 32. Qe5 Bd7 33. Qf4 Rg8 34. h4 Rg7 35. g5 Nh5 36. Qc7 Rgg8 37. Ne1 Rge8 38. Ng2 Bf5 39. Qxc6 Qe6 40. Qa4 Qd7 41. Qa3 Bg4 42. Nef4 Ng7 43. Ne1 Bf5 44. h5 Ne6 45. Nxe6 fxe6 46. Ng2 Kg7 47. hxg6 hxg6 48. Rh6 Rh8 49. Rgh1 Qe7 50. Qa4 Rxh6 51. gxh6+ Kh7 52. Nf4 g5 53. Ne2 Bg6 54. Ng3 Rf8 55. Rh2 Be8 56. Qd1 Qf6 57. Qg4 Bg6 58. Nh5 Qf7 59. Ng7 Bf5 60. Qxg5 Qg6 61. Qh4 Qg1 62. Nxf5 Rxf5 63. Qe7+ Kh8 64. Qh4 Kg8 65. Qg3+ Qxg3 66. fxg3 Rf6 67. b5 axb5 68. a6 e5 69. Rh5 Rxa6 70. Rxe5 Ra2+ 71. Kc1 Ra1+ 72. Kb2 Rg1 73. Rxd5 Rxg3 74. Rxb5 Rxe3 1-0

[Event "Bayern-ch Seniors 18th"]
[Site "Schloss Schney"]
[Date "2006.06.30"]
[Round "6"]
[White "Reichwald, Klaus Dieter"]
[Black "Porkristl, Werner"]
[Result "1-0"]
[WhiteElo "1749"]
[BlackElo "1635"]
[PlyCount "61"]
[EventDate "2006.06.25"]
[EventType "swiss"]
[EventRounds "9"]
[EventCountry "GER"]
[SourceTitle "EXT 2007"]
[Source "ChessBase"]
[SourceDate "2006.11.23"]
[SourceVersion "1"]
[SourceVersionDate "2006.11.23"]
[SourceQuality "1"]

1. e4 Nc6 2. d4 e6 3. Nf3 Nce7 4. c4 Ng6 5. Nc3 Bb4 6. Be2 c6 7. 0-0 N8e7 8. Bd3 0-0 9. Ne2 f5 10. e5 d5 11. c5 Ba5 12. h4 Qe8 13. g3 b5 14. Kg2 Bd7 15. h5 Nh8 16. Nf4 h6 17. Nh4 Bd8 18. Rh1 Nc8 19. Nhg6 Rf7 20. g4 Bg5 21. Nxh8 Kxh8 22. Ng6+ Kg8 23. Bxg5 hxg5 24. Qd2 f4 25. h6 gxh6 26. Rxh6 Rh7 27. Rxh7 Kxh7 28. Nxf4+ Kg7 29. Nh5+ Kh6 30. Rh1 Qd8 31. Nf6+ 1-0

[Event "Bayern-ch Seniors 18th"]
[Site "Schloss Schney"]
[Date "2006.06.26"]
[Round "2"]
[White "Weczerek, Franz"]
[Black "Porkristl, Werner"]
[Result "0-1"]
[WhiteElo "1706"]
[BlackElo "1635"]
[PlyCount "72"]
[EventDate "2006.06.25"]
[EventType "swiss"]
[EventRounds "9"]
[EventCountry "GER"]
[SourceTitle "EXT 2007"]
[Source "ChessBase"]
[SourceDate "2006.11.23"]
[SourceVersion "1"]
[SourceVersionDate "2006.11.23"]
[SourceQuality "1"]

1. d4 Nf6 2. c4 e6 3. Nc3 b6 4. e4 h6 5. Bd3 d6 6. f3 Be7 7. Nge2 0-0 8. Be3 c5 9. dxc5 bxc5 10. Qc2 Nc6 11. a3 e5 12. Nd5 Nd4 13. Nxd4 cxd4 14. Nxe7+ Qxe7 15. Bd2 Nh5 16. 0-0-0 Be6 17. g3 Rfc8 18. f4 f6 19. fxe5 dxe5 20. Bb4 Qf7 21. b3 a5 22. Bd2 a4 23. Bb4 axb3 24. Qxb3 Bxc4 25. Bxc4 Rxc4+ 26. Kb2 Qc7 27. Rd2 Rc8 28. Rc1 Kh7 29. Rdc2 Rxc2+ 30. Rxc2 Qb7 31. Rxc8 Qxc8 32. Qd5 Qh3 33. a4 Qxh2+ 34. Kb3 Qxg3+ 35. Kc4 Nf4 36. Qd7 Qd3+ 0-1